| 000 | 00788nam a22002537a 4500 | ||
|---|---|---|---|
| 999 |
_c15346 _d15346 |
||
| 003 | MIRAKIL | ||
| 005 | 20240213134607.0 | ||
| 008 | 240213b tu ||||| |||| 00| 0 tur d | ||
| 020 | _a9756813814 | ||
| 040 |
_aTR-AnCHP _cTR-AnCHP |
||
| 041 | _aTürkçe | ||
| 082 |
_a792.5092 _bÖ95i 2006 |
||
| 090 | _a792.5092 Ö95i 2006 | ||
| 100 |
_aÖziş, Ünal _q(Prof. Dr.) |
||
| 245 | 1 | 0 |
_aLeyla Gencer ve opera dünyası / _cÜnal Öziş |
| 250 | _a1. bs. | ||
| 260 |
_aAnkara : _bSevda-Cenap And Müzik Vakfı, _c2006 |
||
| 300 |
_a171 s. : _bfotoğ. ; _c20 cm. |
||
| 500 | _aDizin vardır | ||
| 600 | 0 |
_97507 _aGencer, Leyla |
|
| 650 | 0 |
_97506 _aOpera sanatçıları |
|
| 856 | _zDijital Nüshası için Partimizin Kütüphane Sorumlusu ile iletişime geçiniz. | ||
| 942 |
_2ddc _cBKS |
||